000 00364nam a2200145Ia 4500
008 230917s9999||||xx |||||||||||||| ||und||
040 _e74307
_aMAIN
041 _aEnglish
082 _a332.743 I7C
100 _aIson, Terence G
245 0 _aCredit marketing and consumer protection
260 _aLondon
_bCroom Helm
_c1979
300 _aiv, 522 p.
942 _cBK
999 _c39823
_d39823